| 000 | 00497nam a2200181 i 4500 | ||
|---|---|---|---|
| 001 | bg | ||
| 100 | 1 | _aGOSPODAREK, Jerzy | |
| 245 | 0 |
_aZawarcie umowy przewozu osób / _cJerzy Gospodarek. |
|
| 260 |
_aWarszawa : _bWydawn. Prawnicze, _c1979. |
||
| 300 | _as. 153, nlb. 3. | ||
| 500 | _a[Streszcz. w jęz. franc.]. | ||
| 504 | _a[Zawiera bibliogr. s. 141-148]. | ||
| 040 | _cBPK | ||
| 041 | _apol | ||
| 080 | _a342.951:351.81(438) | ||
| 942 | _cKS | ||
| 008 | s pl f |000 0 pol | ||
| 999 |
_c19172 _d19172 |
||
| 856 |
_uhttp://koha.tu.koszalin.pl/cgi-bin/koha/opac-detail.pl?biblionumber=19172 _yKatalog online BPK |
||